Statistics for World Capital Chain

Click here to take the quiz!

General Stats

  • This quiz has been taken 35 times
  • The average score is 10 of 16

Answer Stats

Hint Answer % Correct
Scandinavian capital city; has the world's most preserved viking shipOslo
100%
Northern European capital; has the Vasa MuseumStockholm
100%
North American capital; seventh coldest capital city in the worldOttawa
94%
African capital; is on the west side of a bay of the Mediterranean SeaAlgiers
85%
European capital; second-largest city in the European UnionMadrid
85%
European island capital; at the mouth of the River LiffeyDublin
85%
North American capital; Fourth largest metropolitan area in the Caribbean regionHavana
61%
Middle Eastern capital; third largest city in the Arab WorldRiyadh
58%
Asian capital; Has the impressive Temple of Augustus and Rome from 20 BCAnkara
55%
South American capital; longest continually inhabited area in the Río de la Plata BasinAsunción
48%
Middle Eastern capital; embedded on the eastern foothills of the Anti-Lebanon mountain rangeDamascus
48%
North American island capital; located on the island of New ProvidenceNassau
45%
Asian capital; third largest capital by populationNew Delhi
39%
Asian capital; major manufacturing center in the 20th century; member of the Asian Network of Major Cities 21.Ulaanbaatar
36%
European capital; suffered the longest siege of a capital city in the history of modern warfareSarajevo
36%
Asian capital; has Margalla Hills National ParkIslamabad
33%

Score Distribution

Percentile by Number Answered

Percent of People with Each Score

Your Score History

You have not taken this quiz